| 000 | 01072nam a22002657a 4500 | ||
|---|---|---|---|
| 005 | 20170628100109.0 | ||
| 008 | 170628b au ||||| |||| 00| 0 eng d | ||
| 020 | _a3211827021 | ||
| 050 | 0 | 4 |
_aQD251.2 _bF67 1996 |
| 245 | 0 | 0 |
_aFortschritte der chemie organischer naturstoffe = progress in the chemistry of organic natural products _c/ G.W. Gribble,...[et al.] ; funded by L. Zechmeister ; edited by W. Herz,...[et al.] |
| 246 | 3 | 1 | _aProgress in the chemistry of organic natural products |
| 250 | _a1a ed. | ||
| 260 |
_aAustria : _bSpringerWien, _c1996 |
||
| 300 |
_bv. : _ail. ; _c24 cm. |
||
| 490 | 0 |
_aSpringer chemistry ; _v68, 81 |
|
| 504 | _aIncluye bibliografías e índices | ||
| 505 | 1 |
_aContenido : _tV. 68 Sin un titulo especifico. _r/ G. W. Gribble _tV. 81 Sin un titulo especifico _r/ S. Huneck. |
|
| 650 | 7 |
_2lemb _aQuímica orgánica |
|
| 700 | 1 |
_aGribble, G. W., _eautor |
|
| 700 | 1 |
_aHuneck, S., _eautor |
|
| 700 | 1 |
_aZechmeister, L., _efundador |
|
| 700 | 1 |
_aHerz, W., _eeditor |
|
| 700 | 1 |
_aKirbi, G. W., _eeditor |
|
| 942 |
_2lcc _cLIB |
||
| 999 |
_c135223 _d135223 |
||